000
00280nam a22001337a 4500
020
_a
0-7214-0885-0
082
_a
823
_b
COL/R
100
_a
COLLINS, JOAN
245
_a
ROBIN HOOD
260
_a
ENGLAND
_b
LADY BIRD
300
_a
43
650
_a
ENGLISH SHORT STORY
_z
UK
942
_c
BK
999
_c
2404
_d
2404